000 00440nam a2200169 i 4500
001 bg
100 1 _aCHOTKOWSKI, Wiktor
245 0 _aPodstawy automatyki /
_cWiktor Chotkowski, Janusz Fudali, Katalin Mądroszkiewicz.
260 _aGdańsk,
_c1976.
700 1 _aFUDALI, Janusz
700 1 _aMĄDROSZKIEWICZ, Katalin
040 _cBPK
041 _apol
080 _a62-5
942 _cKS
008 s pl f |000 0 pol
999 _c17031
_d17031
856 _uhttp://koha.tu.koszalin.pl/cgi-bin/koha/opac-detail.pl?biblionumber=17031
_yKatalog online BPK